000 00445nam a2200121Ia 4500
008 220216s9999 xx 000 0 und d
100 _aBrittain William J
245 0 _aSynthesis and characterization of PMMA nanocomposites by suspension and emulsion polymerization
260 _b6th Annual International Latex Conference, Hilton Akron/Fairlawn, July 29-30, 2003
650 _aEmulsion polymerization
856 _uCopy of article
942 _cJS
999 _c70134
_d70134